Flags of Capital Cities - Asia - Statistics

General Stats
  • This quiz has been taken 23 times
  • The average score is 18 of 27
Answer Stats
Picture Answer % Correct
Singapore
100%
Tokyo
100%
Kuala Lumpur
92%
Astana
83%
Bangkok
83%
Seoul
83%
Ankara
75%
Bishkek
75%
Jakarta
75%
Jerusalem
75%
Abu Dhabi
67%
Kathmandu
67%
Ulaanbaatar
67%
Beirut
58%
Hanoi
58%
Manila
58%
Nicosia
58%
Taipei
58%
Tbilisi
58%
Amman
50%
Baghdad
50%
Baku
50%
Damascus
50%
Kuwait City
50%
Tashkent
50%
Tehran
50%
Yerevan
50%
No matching quizzes found
Score Distribution
Percent of People with Each Score
Percentile by Number Answered
Your Score History
You have not taken this quiz